One Piece Hard Trivia #1 (Wano Spoilers) - Statistics

General Stats
  • This quiz has been taken 258 times
  • The average score is 8 of 21
Answer Stats
Hint Answer % Correct
Only Person Whitebeard has disowned as his son Teach
81%
Canon members of the Roger Pirates with devil fruits (1) Buggy
72%
Number of Confirmed mythical Zoan Fruit users (including Artificial fruits) 9
67%
Sanji Lookalike, defended Sunny during time skip Duval
65%
(2) Vivi
64%
Former God of Skypiea Gan Fall
62%
(3) Rouge
62%
Doc Q's Horse Stronger
52%
4th division commander of the Whitebeard pirates Thatch
44%
Bandit who kidnaps Luffy in romance dawn Higuma
43%
Females with the Will of D. (1) Lily
40%
Enel's Ship Ark Maxim
38%
Señor Pink's wife Russian
30%
(2) Toki
24%
(presumed) Fastest Character In one piece Lucky Roux
21%
Head Jailer at Impel Down Domino
18%
Only Character in the east blue who had a chance to join 2 different Yonko Crews Gaimon
13%
And his baby Gimlet
13%
Original Height of Zunesha when introduced(Meters) 35000
9%
(4) Lamy
6%
Total amount of every individual Luffy bounty 5850000000
1%
No matching quizzes found
Score Distribution
Percent of People with Each Score
Percentile by Number Answered
Your Score History
You have not taken this quiz